000 00736nam a2200253Ia 4500
003 OSt
005 20220928104238.0
006 a|||||r|||| 00| 0
007 ta
008 220927b |||||||| |||| 00| 0 eng d
020 _c400
024 _a107757
037 _b252, 08/03/2010, Granthlok
_cTextual
040 _aSDCL
_cSDCL
_beng
041 _2eng
_aeng
082 _aO152,6N:g(Y)x, P9
100 _aSingh Brajh Kishore Prasad
_9409789
245 0 _aShresth hindi niband.
260 _aNew Delhi
_bNaman Prakashan
_c2009
300 _a274p.
_ccm.
650 _aHindi
_9391598
942 _hO152,6N:g(Y)x, P9
_cTEXL
_2CC
999 _c725359
_d725359